000 00546nam a2200193Ia 4500
008 101110s9999 xx 000 0 und d
041 _aENGLISH
082 _bSR15608
100 _aAggarwal R.N.
245 _aNational movement and constitutional Development of India
365 _b40
520 _aHistory
546 _aENGLISH
630 _aNational movement and constitutional Development of India
650 _aHistory
655 _aHistory
730 _aNational movement and constitutional Development of India
942 _cBOOK
999 _c809515
_d809512